[Event "Tehran Behin Cup 2nd"]
[Site "Tehran"]
[Date "2014.11.16"]
[Round "2"]
[White "Falah, Mehdi"]
[Black "Pourramezanali, Amirreza"]
[Result "0-1"]
[WhiteElo "1964"]
[BlackElo "2424"]
[PlyCount "126"]
[EventDate "2014.11.15"]
[EventType "swiss"]
[EventRounds "9"]
[EventCountry "IRI"]
[SourceTitle "CBM 163 Extra"]
[Source "ChessBase"]
[SourceDate "2014.12.23"]
[SourceVersion "1"]
[SourceVersionDate "2014.12.23"]
[SourceQuality "1"]

1. e4 d6 2. d4 Nf6 3. Nc3 g6 4. f3 Bg7 5. Be3 0-0 6. Qd2 e5 7. Nge2 exd4 8. Nxd4 d5 9. 0-0-0 dxe4 10. fxe4 c6 11. Be2 Ng4 12. Bxg4 Bxg4 13. Rdf1 Nd7 14. Bh6 Ne5 15. Bxg7 Kxg7 16. h3 Nc4 17. Qf2 Qg5+ 18. Qf4 Qxf4+ 19. Rxf4 Bd7 20. b3 Ne5 21. Rhf1 Rae8 22. g4 h6 23. Nf3 Nxf3 24. R4xf3 Re5 25. Rf4 h5 26. gxh5 Rxh5 27. h4 Be6 28. Ne2 Rd8 29. Rd1 Rxd1+ 30. Kxd1 Kf8 31. Kd2 Ke7 32. Ke3 Ra5 33. a4 Rc5 34. Nd4 Rc3+ 35. Kd2 Rh3 36. Nf3 Rg3 37. Ke3 Rg2 38. Nd4 Bg4 39. Rf2 Rxf2 40. Kxf2 Kd6 41. Ke3 a5 42. c3 f6 43. Nf3 b5 44. Kf4 Be6 45. Nd2 Bf7 46. Ke3 g5 47. hxg5 fxg5 48. Kf3 Bh5+ 49. Ke3 Bd1 50. axb5 cxb5 51. c4 b4 52. Kd4 g4 53. e5+ Kc6 54. e6 g3 55. Ke3 Kd6 56. Ne4+ Kxe6 57. Nxg3 Ke5 58. Kd3 Bxb3 59. Ne2 Ba2 60. Nc1 Bb1+ 61. Kd2 a4 62. Ne2 a3 63. Kc1 Bd3 0-1